All NCT DREAM Songs (until Beat It Up) - Statistics

General Stats
  • This quiz has been taken 273 times
    214 since last reset
  • The average score is 69 of 109
Answer Stats
Answer % Correct
Chewing Gum
99%
Beatbox
95%
Candle Light
95%
We Young
95%
Candy
94%
Boom
93%
Hello Future
93%
We Go Up
93%
Hot Sauce
92%
ISTJ
92%
Glitch Mode
91%
Ridin’
91%
Fireflies
90%
My First and Last
90%
Don’t Need Your Love
89%
Joy
89%
Moon
89%
Go
87%
Best Friend
86%
Moonlight
84%
Smoothie
82%
119
75%
BOX
75%
CHILLER
75%
When I’m With You
74%
Best Friend Ever
73%
Icantfeelanything
73%
Beat It Up
72%
BTTF
72%
Life Is Still Going On
72%
1, 2, 3
71%
Broken Melodies
70%
Carat Cake
70%
Graduation
70%
Dive Into You
69%
Dunk Shot
69%
Puzzle Piece
69%
Rainbow
69%
Teddy Bear
68%
Dear DREAM
67%
Yogurt Shake
67%
YOU
67%
Deja Vu
66%
Unknown
65%
7 Days
64%
Quiet Down
64%
Tangerine Love (Favorite)
64%
Walk You Home
64%
Better Than Gold
63%
Breathing
63%
Saturday Drip
63%
ANL
62%
Bungee
62%
i hate fruits
62%
La La Love
61%
To My First
61%
Arcade
60%
Fire Alarm
60%
Love Again
60%
Rains in Heaven
60%
Stronger
60%
Diggity
59%
Irreplaceable
59%
My Youth
59%
Poison
59%
Drippin
58%
Bye My First..
57%
Pretzel (♡)
57%
Trigger the Fever
57%
Flying Kiss
56%
Heavenly
56%
Skateboard
56%
Like We Just Met
55%
SOS
55%
Be There For You
54%
Countdown (3, 2, 1)
54%
INTRO : DREAMSCAPE
54%
No Escape
54%
Stupid Cupid
54%
DREAM TEAM
52%
My Page
52%
Blue Wave
51%
Cold Coffee
51%
Starry Night
49%
Best of Me
48%
Dream Run
48%
Rewind
48%
Off The Wall
47%
Beautiful Time
46%
Drive
46%
Night Poem
46%
Replay
46%
Rocket
46%
Butterflies
45%
TRICKY
45%
Beautiful Sailing
44%
It’s Yours
44%
Never Goodbye
44%
Walk With You
44%
Tempo
43%
’Bout You
42%
Sorry, Heart
42%
On the Way
41%
That Summer
40%
I LIKE IT
38%
Rush
38%
Take My Breath
38%
Miss Me
37%
Interlude : Back to Our Paradise
34%
No matching quizzes found
Score Distribution
Percent of People with Each Score
Percentile by Number Answered
Your Score History
You have not taken this quiz since the last reset